[Event "Turkey Cup 2020"]
[Site "Antalya-Belek"]
[Date "2020.02.01"]
[Round "10.34"]
[White "Koc, Ilkay"]
[Black "Caberoglu, Arda"]
[Result "1-0"]
[WhiteElo "2007"]
[BlackElo "1893"]
[Annotator "NA"]
[PlyCount "147"]
[EventDate "2020.01.26"]
[EventType "swiss"]
[EventCountry "TUR"]
[SourceTitle "playchess.com"]
[Source "ChessBase"]
[SourceQuality "1"]

1. Nf3 d5 2. d4 Nf6 3. c4 c6 4. e3 Bg4 5. Qb3 Qb6 6. Nc3 e6 7. Nh4 Be7 8. h3 Bh5 9. g4 Bg6 10. Nxg6 hxg6 11. Bg2 Na6 12. cxd5 Qxb3 13. axb3 exd5 14. Bd2 Nb4 15. Ke2 O-O 16. g5 Nh5 17. Ra4 Rfe8 18. Rha1 a6 19. Nd1 Nc2 20. Rc1 b5 21. Ra2 Nb4 22. Bxb4 Bxb4 23. Rxc6 Nf4+ 24. Kf1 Nxg2 25. Kxg2 Re6 26. Rc7 Kf8 27. Ra1 Re7 28. Rac1 Rxc7 29. Rxc7 Ke8 30. Kf3 Bd6 31. Rb7 b4 32. e4 dxe4+ 33. Kxe4 Rc8 34. Ne3 Rc1 35. Nc4 Re1+ 36. Kf3 Bh2 37. Rxb4 Rd1 38. Ke3 Re1+ 39. Kf3 Rd1 40. Ke4 Rg1 41. d5 Rxg5 42. Rb6 Rh5 43. Rxa6 Rh4+ 44. Kf3 Rd4 45. d6 Kd7 46. Ke3 Rd1 47. f4 f6 48. Ra7+ Ke6 49. Ke4 f5+ 50. Kf3 Rd3+ 51. Ke2 Rd4 52. Rxg7 Bxf4 53. Rxg6+ Kf7 54. Rg1 Bxd6 55. Rd1 Rxd1 56. Kxd1 Bb4 57. Ke2 Kg6 58. Kf3 Bc5 59. Ne3 Kg5 60. Nd5 Bd4 61. Nc3 Bc5 62. Nd1 Bd6 63. Nf2 Kh4 64. Kg2 Be5 65. Nd3 Bd4 66. b4 Bf6 67. b5 Bd4 68. b3 Be3 69. Ne5 Kg5 70. Nd7 Kf4 71. b6 Bd4 72. b7 Ba7 73. b4 Ke3 74. Kf1 1-0

[Event "Turkey Cup 2020"]
[Site "Antalya-Belek"]
[Date "2020.02.01"]
[Round "10.35"]
[White "Temel, Burcu Melis"]
[Black "Buke, Furkan"]
[Result "1/2-1/2"]
[WhiteElo "1752"]
[BlackElo "2041"]
[Annotator "NA"]
[PlyCount "58"]
[EventDate "2020.01.26"]
[EventType "swiss"]
[EventCountry "TUR"]
[SourceTitle "playchess.com"]
[Source "ChessBase"]
[SourceQuality "1"]

1. Nf3 c5 2. b3 Nc6 3. Bb2 d6 4. c4 e5 5. Nc3 Nf6 6. g3 g6 7. Bg2 Bg7 8. O-O O-O 9. d3 Nh5 10. e3 f5 11. Qd2 g5 12. Nd5 g4 13. Ne1 Be6 14. Nc2 Ne7 15. d4 e4 16. Nxe7+ Qxe7 17. Rab1 Nf6 18. Rfd1 Rfd8 19. Qe2 h5 20. Ba3 Qc7 21. b4 cxb4 22. d5 Bxd5 23. cxd5 bxa3 24. Nd4 Nxd5 25. Nxf5 Nc3 26. Qc2 Qd7 27. Bxe4 Nxb1 28. Rxb1 d5 29. Bxd5+ Kh8 1/2-1/2

[Event "Turkey Cup 2020"]
[Site "Antalya-Belek"]
[Date "2020.02.01"]
[Round "10.36"]
[White "Kilic, Gokturk Kagan"]
[Black "Baylav, Bartu"]
[Result "1-0"]
[WhiteElo "1923"]
[BlackElo "1777"]
[Annotator "NA"]
[PlyCount "53"]
[EventDate "2020.01.26"]
[EventType "swiss"]
[EventCountry "TUR"]
[SourceTitle "playchess.com"]
[Source "ChessBase"]
[SourceQuality "1"]

1. d4 d5 2. Nf3 c6 3. g3 Nf6 4. Bg2 e6 5. O-O Be7 6. c4 O-O 7. Qb3 dxc4 8. Qxc4 b5 9. Qc2 Bb7 10. Rd1 Qb6 11. a4 a5 12. Ne5 Rd8 13. Nc3 Na6 14. e3 b4 15. Nc4 Qc7 16. Ne2 Rac8 17. e4 Re8 18. Bf4 Qd8 19. Nc1 Nd5 20. Bd2 b3 21. Qxb3 Ndb4 22. Bf4 g5 23. Be3 Qc7 24. Ne2 c5 25. d5 exd5 26. exd5 Rcd8 27. d6 1-0

[Event "Turkey Cup 2020"]
[Site "Antalya-Belek"]
[Date "2020.02.01"]
[Round "10.37"]
[White "Eren, Alper"]
[Black "Ozalp, Burak"]
[Result "0-1"]
[WhiteElo "1846"]
[BlackElo "1897"]
[Annotator "NA"]
[PlyCount "50"]
[EventDate "2020.01.26"]
[EventType "swiss"]
[EventCountry "TUR"]
[SourceTitle "playchess.com"]
[Source "ChessBase"]
[SourceQuality "1"]

1. e4 c5 2. Nf3 d6 3. d4 cxd4 4. Nxd4 Nf6 5. Nc3 g6 6. Be3 Bg7 7. f3 O-O 8. Qd2 Nc6 9. Bc4 Bd7 10. O-O-O Rb8 11. h4 b5 12. Nxc6 Bxc6 13. Be2 b4 14. Nd5 Bxd5 15. exd5 Qa5 16. Kb1 Rfc8 17. h5 Qa4 18. hxg6 Nxd5 19. gxf7+ Kf8 20. Bd4 Nc3+ 21. Bxc3 bxc3 22. Qd5 Rxb2+ 23. Ka1 Rxc2 24. Rxh7 Rxa2+ 25. Qxa2 c2+ 0-1

[Event "Turkey Cup 2020"]
[Site "Antalya-Belek"]
[Date "2020.02.01"]
[Round "10.38"]
[White "Dogdu, Mehmet"]
[Black "Aydogdu, Cagatay"]
[Result "1/2-1/2"]
[WhiteElo "1914"]
[BlackElo "1803"]
[Annotator "NA"]
[PlyCount "82"]
[EventDate "2020.01.26"]
[EventType "swiss"]
[EventCountry "TUR"]
[SourceTitle "playchess.com"]
[Source "ChessBase"]
[SourceQuality "1"]

1. d4 Nf6 2. c4 e6 3. Nc3 Bb4 4. Nf3 c5 5. a3 Bxc3+ 6. bxc3 d6 7. e3 O-O 8. Bd3 Nc6 9. O-O e5 10. d5 Na5 11. Nd2 Re8 12. f3 Bd7 13. Rf2 Rb8 14. e4 Qe7 15. a4 b6 16. Nf1 Bc8 17. Ne3 Ba6 18. Raa2 g6 19. g4 Nd7 20. h4 Kg7 21. Rh2 Rh8 22. Rag2 Kf8 23. h5 Ke8 24. Bd2 Kd8 25. Be1 Kc7 26. Bh4 g5 27. Bg3 h6 28. Ra2 Nf6 29. Rhb2 Ng8 30. Bf1 f6 31. Be1 Qf7 32. Bd3 Ne7 33. Qe2 Rhd8 34. Nc2 Bc8 35. Na3 a6 36. Nc2 Bd7 37. Ne3 Qe8 38. Qc2 Rb7 39. Qd1 Ra8 40. Be2 Qb8 41. Rb1 Raa7 1/2-1/2

[Event "Turkey Cup 2020"]
[Site "Antalya-Belek"]
[Date "2020.02.01"]
[Round "10.39"]
[White "Koksal, Recep"]
[Black "Duran, Esma Doga"]
[Result "0-1"]
[WhiteElo "1709"]
[BlackElo "1877"]
[Annotator "NA"]
[PlyCount "120"]
[EventDate "2020.01.26"]
[EventType "swiss"]
[EventCountry "TUR"]
[SourceTitle "playchess.com"]
[Source "ChessBase"]
[SourceQuality "1"]

1. d4 Nf6 2. Nf3 e6 3. c4 b6 4. g3 Bb7 5. Bg2 d5 6. O-O c6 7. Nc3 Be7 8. Bf4 O-O 9. cxd5 cxd5 10. Rc1 Nc6 11. Ne5 Nxe5 12. Bxe5 Nd7 13. Bf4 a6 14. Qd3 b5 15. Rc2 Rc8 16. Rfc1 g5 17. Bd2 Nb6 18. b3 Ba3 19. Re1 f5 20. Bc1 Bd6 21. Bb2 Nd7 22. Rec1 Qf6 23. e3 Qh6 24. f4 Nf6 25. Nd1 Rce8 26. Nf2 Re7 27. Nh3 Ne4 28. Qf1 Rg7 29. Bxe4 fxe4 30. Rf2 g4 31. Ng5 Qg6 32. h4 h6 33. Nxe6 Qxe6 34. Rfc2 Rf5 35. Qe1 b4 36. Rf2 Qd7 37. Rcc2 Qb5 38. Qf1 Bc6 39. Qxb5 Bxb5 40. Rc8+ Rf8 41. Rfc2 Bd7 42. Rxf8+ Kxf8 43. Kf2 Ke8 44. Ke1 Kd8 45. Bc1 Bb5 46. Bd2 Bd3 47. Rc6 Kd7 48. Rc1 Rg8 49. Kd1 Be7 50. Be1 a5 51. Ra1 a4 52. bxa4 Ra8 53. Kc1 Rxa4 54. Kb2 Bc4 55. Bd2 Kc6 56. Bc1 Bxh4 57. gxh4 g3 58. Bd2 g2 59. Rg1 Rxa2+ 60. Kb1 Rxd2 0-1

[Event "Turkey Cup 2020"]
[Site "Antalya-Belek"]
[Date "2020.02.01"]
[Round "10.40"]
[White "Yasin, Hur"]
[Black "Isik, Can"]
[Result "1/2-1/2"]
[WhiteElo "1936"]
[BlackElo "1710"]
[Annotator "NA"]
[PlyCount "110"]
[EventDate "2020.01.26"]
[EventType "swiss"]
[EventCountry "TUR"]
[SourceTitle "playchess.com"]
[Source "ChessBase"]
[SourceQuality "1"]

1. d4 d5 2. Nc3 e6 3. e4 Nf6 4. Bg5 Be7 5. e5 Nfd7 6. h4 O-O 7. Bd3 c5 8. Qh5 g6 9. Qh6 Nc6 10. Bxe7 Qxe7 11. h5 cxd4 12. hxg6 fxg6 13. Bxg6 hxg6 14. Qh8+ Kf7 15. Rh7+ Ke8 16. Rxe7+ Nxe7 17. Qh3 dxc3 18. Qxc3 b6 19. Nf3 Nc5 20. O-O-O Ba6 21. Rh1 Kd7 22. Qa3 Bb7 23. b4 Ne4 24. Nd4 Rf7 25. f3 Ng3 26. Rh3 Ngf5 27. Ne2 Nc6 28. f4 Nfd4 29. Nxd4 Nxd4 30. b5 Nxb5 31. Qb4 Bc6 32. a4 a5 33. Qb2 Nc7 34. Qxb6 Ra6 35. Qb3 Rxf4 36. Qb8 Rf7 37. Rh8 Bxa4 38. Rd8+ Kc6 39. Rd6+ Kc5 40. Rxa6 Nxa6 41. Qd6+ Kb5 42. Qxe6 Rf1+ 43. Kb2 Nc5 44. Qe8+ Kc4 45. Qxg6 Rf2 46. e6 Rxc2+ 47. Kb1 Nd3 48. Qg7 Rc1+ 49. Ka2 Bb3+ 50. Ka3 Rc2 51. Qa1 Re2 52. g4 Rxe6 53. g5 a4 54. g6 Rxg6 55. Qc3+ Kxc3 1/2-1/2

[Event "Turkey Cup 2020"]
[Site "Antalya-Belek"]
[Date "2020.02.01"]
[Round "10.41"]
[White "Subasi, Cagrican"]
[Black "Hasanoglu, Hakan"]
[Result "1-0"]
[WhiteElo "1861"]
[BlackElo "1554"]
[Annotator "NA"]
[PlyCount "93"]
[EventDate "2020.01.26"]
[EventType "swiss"]
[EventCountry "TUR"]
[SourceTitle "playchess.com"]
[Source "ChessBase"]
[SourceQuality "1"]

1. Nf3 d5 2. d4 e6 3. c4 a6 4. c5 b6 5. cxb6 cxb6 6. Bf4 Nf6 7. e3 Bd6 8. Bxd6 Qxd6 9. Nbd2 Nbd7 10. Bd3 Bb7 11. O-O O-O 12. Qe2 Rfc8 13. Rfc1 b5 14. Nb3 Ne4 15. Qe1 f5 16. Rxc8+ Rxc8 17. a4 Qb6 18. axb5 axb5 19. Qb4 Nd6 20. g3 Nc4 21. Qe7 Qd6 22. Qxd6 Nxd6 23. Ra7 Rc7 24. Kg2 Nc4 25. Na5 Nxa5 26. Rxa5 Bc6 27. Bxb5 Bxb5 28. Rxb5 h6 29. Ne5 Nxe5 30. dxe5 Kf7 31. h4 h5 32. Kf3 Rc2 33. Rb7+ Kf8 34. b4 Rc3 35. Kf4 Rc2 36. b5 Rxf2+ 37. Kg5 Rb2 38. Kxh5 Rb4 39. b6 Rb3 40. Kg6 Rxe3 41. Rc7 Rxg3+ 42. Kh7 Rg4 43. b7 Rxh4+ 44. Kg6 Rg4+ 45. Kh5 g6+ 46. Kh6 Rb4 47. Kxg6 1-0

[Event "Turkey Cup 2020"]
[Site "Antalya-Belek"]
[Date "2020.02.01"]
[Round "10.42"]
[White "Caliskan, Seha"]
[Black "Sar, Can"]
[Result "0-1"]
[WhiteElo "1673"]
[BlackElo "1891"]
[Annotator "NA"]
[PlyCount "112"]
[EventDate "2020.01.26"]
[EventType "swiss"]
[EventCountry "TUR"]
[SourceTitle "playchess.com"]
[Source "ChessBase"]
[SourceQuality "1"]

1. d4 Nf6 2. c4 e6 3. Nc3 d5 4. cxd5 exd5 5. Bg5 Be6 6. e3 Nbd7 7. Bd3 a6 8. Nge2 Bd6 9. f3 h6 10. Bh4 c5 11. Bg3 Bxg3+ 12. hxg3 Qc7 13. Qd2 b5 14. a3 Qd6 15. Kf2 O-O 16. g4 Rfe8 17. g3 Bxg4 18. Rh4 cxd4 19. exd4 Be6 20. Rah1 Kf8 21. Nf4 b4 22. axb4 Qxb4 23. Nxe6+ Rxe6 24. Bf5 Rb6 25. Bxd7 Qxb2 26. Rd1 Qxd2+ 27. Rxd2 Nxd7 28. Nxd5 Rb3 29. Rh1 a5 30. Ra1 a4 31. Ne3 Nb6 32. d5 Rxe3 33. Kxe3 Nc4+ 34. Kd3 Nxd2 35. Kxd2 Ke7 36. Kc2 Kd6 37. Kb2 Kxd5 38. Rd1+ Ke6 39. Ka3 Ra7 40. Rd4 f5 41. Rb4 Ra6 42. Rb8 Kf6 43. Rb7 g6 44. f4 g5 45. Rb1 Kg6 46. Rh1 Re6 47. Kxa4 gxf4 48. gxf4 Re4+ 49. Kb3 Rxf4 50. Kc3 Re4 51. Kd3 h5 52. Ra1 h4 53. Ra8 Kg5 54. Rh8 Re6 55. Kd2 Rh6 56. Rxh6 Kxh6 0-1

[Event "Turkey Cup 2020"]
[Site "Antalya-Belek"]
[Date "2020.02.01"]
[Round "10.43"]
[White "Demir, Bilal"]
[Black "Ince, Taylan Ruzgar"]
[Result "1/2-1/2"]
[WhiteElo "1964"]
[BlackElo "1704"]
[Annotator "NA"]
[PlyCount "47"]
[EventDate "2020.01.26"]
[EventType "swiss"]
[EventCountry "TUR"]
[SourceTitle "playchess.com"]
[Source "ChessBase"]
[SourceQuality "1"]

1. e4 e6 2. d4 d5 3. Nc3 Bb4 4. e5 c5 5. a3 Bxc3+ 6. bxc3 Ne7 7. Qg4 O-O 8. Bd3 c4 9. Bh6 Ng6 10. Bxg6 fxg6 11. Be3 Nc6 12. Nf3 Qe8 13. h4 Ne7 14. Kd2 Bd7 15. Rh2 b5 16. Rah1 a5 17. h5 h6 18. Rh3 b4 19. hxg6 Qxg6 20. Qxg6 bxc3+ 21. Kxc3 Nxg6 22. Rb1 Rab8 23. Rhh1 Ne7 24. Nd2 1/2-1/2

[Event "Turkey Cup 2020"]
[Site "Antalya-Belek"]
[Date "2020.02.01"]
[Round "10.44"]
[White "Suzan, Ufuk"]
[Black "Ozturk, Oguzhan"]
[Result "1-0"]
[WhiteElo "1861"]
[BlackElo "1630"]
[Annotator "NA"]
[PlyCount "107"]
[EventDate "2020.01.26"]
[EventType "swiss"]
[EventCountry "TUR"]
[SourceTitle "playchess.com"]
[Source "ChessBase"]
[SourceQuality "1"]

1. e4 d5 2. exd5 Qxd5 3. Nc3 Qd6 4. d4 c6 5. Nge2 Bf5 6. Bf4 Qd8 7. Ng3 Bg6 8. h4 h6 9. Qd2 e6 10. Bd3 Bxd3 11. Qxd3 Nf6 12. O-O-O Bd6 13. Qf3 Na6 14. Be5 Be7 15. Nh5 Nxh5 16. Qxh5 Kf8 17. Rh3 Nb4 18. Rf3 Qe8 19. Qg4 Rg8 20. Kb1 Qd7 21. Ne4 Nd5 22. Ng3 Ke8 23. Nh5 g6 24. c4 f5 25. Qg3 Nb6 26. Rc3 Kf7 27. Nf4 Na4 28. Rcd3 Nb6 29. d5 cxd5 30. cxd5 exd5 31. Nxd5 Nxd5 32. Rxd5 Qe6 33. Rd7 Rgd8 34. R1d6 Rxd7 35. Rxe6 Kxe6 36. f4 g5 37. Qb3+ Rd5 38. Qxb7 Rad8 39. Qc6+ Kf7 40. Qxh6 gxh4 41. Qh7+ Ke6 42. Qg6+ Kd7 43. Qxf5+ Ke8 44. Qg6+ Kd7 45. Qg4+ Ke8 46. Qg8+ Bf8 47. Qg6+ Kd7 48. Qg4+ Kc6 49. Qxh4 Rd1+ 50. Kc2 R1d2+ 51. Kb3 R8d3+ 52. Bc3 Rxg2 53. Qh8 Rd8 54. Qh1 1-0

[Event "Turkey Cup 2020"]
[Site "Antalya-Belek"]
[Date "2020.02.01"]
[Round "10.45"]
[White "Yarar, Bora"]
[Black "Koc, Aylin"]
[Result "1-0"]
[WhiteElo "1871"]
[BlackElo "1500"]
[Annotator "NA"]
[PlyCount "81"]
[EventDate "2020.01.26"]
[EventType "swiss"]
[EventCountry "TUR"]
[SourceTitle "playchess.com"]
[Source "ChessBase"]
[SourceQuality "1"]

1. e4 e5 2. Nf3 Nc6 3. Bc4 Bc5 4. c3 Nf6 5. d3 h6 6. Bb3 d6 7. Qe2 Bg4 8. Nbd2 O-O 9. h3 Be6 10. g4 Bxb3 11. axb3 d5 12. Nf1 dxe4 13. dxe4 Qd6 14. Ng3 Rad8 15. b4 Bb6 16. g5 Nh7 17. gxh6 g6 18. h4 Rd7 19. h5 Kh8 20. Bd2 Qe6 21. Ng5 Qf6 22. Nxh7 Kxh7 23. f3 Qe6 24. O-O-O Qa2 25. Bg5 Qa1+ 26. Kc2 Qa4+ 27. Kb1 Nb8 28. Bf6 Re8 29. Rd5 Rxd5 30. exd5 Nd7 31. Ne4 Nxf6 32. Nxf6+ Kxh6 33. hxg6+ Kxg6 34. Nxe8 Qxe8 35. Qg2+ Kf6 36. Rh6+ Ke7 37. Qg5+ Kd7 38. Qf5+ Kd8 39. Qf6+ Qe7 40. Rh8+ Kd7 41. Qf5+ 1-0

[Event "Turkey Cup 2020"]
[Site "Antalya-Belek"]
[Date "2020.02.01"]
[Round "10.46"]
[White "Zekeriyaoglu, Ersen"]
[Black "Altun, Arda"]
[Result "1-0"]
[WhiteElo "1799"]
[BlackElo "2200"]
[Annotator "ChessBase"]
[PlyCount "83"]
[EventDate "2020.01.26"]
[EventType "swiss"]
[EventCountry "TUR"]
[SourceTitle "playchess.com"]
[Source "ChessBase"]
[SourceQuality "1"]

1. d4 d5 2. Nf3 Nf6 3. c4 c6 4. Nc3 dxc4 5. a4 Bf5 6. e3 e6 7. Bxc4 Bb4 8. O-O Nbd7 9. Qb3 a5 10. Na2 Be7 11. Nc3 Qc7 12. Re1 O-O 13. e4 Bg4 14. Be3 Bb4 15. Nd2 e5 16. h3 exd4 17. Bxd4 Bh5 18. e5 Bc5 19. Bxc5 Nxc5 20. Qa3 Nfd7 21. f4 Bg6 22. Nd1 b5 23. axb5 cxb5 24. Bxb5 Qb6 25. Bxd7 Nd3+ 26. Re3 Rfd8 27. f5 Rxd7 28. fxg6 hxg6 29. Nc4 Qd4 30. Qc3 Nb4 31. Qxd4 Rxd4 32. Rc3 Nd5 33. Rcc1 Nf4 34. Rc2 Rc8 35. Nde3 Re4 36. Rxa5 Nd3 37. Rd2 Nc5 38. Ra7 Rb8 39. Rd5 Ne6 40. Rdd7 Rb3 41. Rxf7 Rd3 42. Rfe7 1-0

[Event "Turkey Cup 2020"]
[Site "Antalya-Belek"]
[Date "2020.02.01"]
[Round "10.47"]
[White "Korkmaz, Necmettin"]
[Black "Kiziltas, Inanc Vefa"]
[Result "1-0"]
[WhiteElo "2157"]
[BlackElo "1803"]
[Annotator "ChessBase"]
[PlyCount "99"]
[EventDate "2020.01.26"]
[EventType "swiss"]
[EventCountry "TUR"]
[SourceTitle "playchess.com"]
[Source "ChessBase"]
[SourceQuality "1"]

1. e4 d5 2. exd5 Nf6 3. Nf3 Bf5 4. d4 Nxd5 5. Bd3 Bxd3 6. Qxd3 e6 7. O-O Be7 8. c4 Nb6 9. Nc3 O-O 10. Bf4 Nc6 11. Rfd1 Qd7 12. Rac1 Rad8 13. Qe2 Bf6 14. Ne4 Bxd4 15. Be3 e5 16. Nxe5 Nxe5 17. Bxd4 Qg4 18. f3 Qf4 19. Be3 Qf5 20. b3 h6 21. Nc5 Rb8 22. Qc2 Qh5 23. Ne4 Rfe8 24. Ng3 Qh4 25. Rd4 Qe7 26. Re1 Qb4 27. Re2 Nbd7 28. c5 Qxc5 29. Qxc5 Nxc5 30. Rd5 Ncd7 31. Bxa7 Ra8 32. Bd4 c6 33. Rd6 g5 34. Ne4 f5 35. Bxe5 Rxe5 36. Rxd7 fxe4 37. Rxb7 e3 38. Rd7 Rae8 39. Kf1 Rc5 40. g3 Rc1+ 41. Kg2 Ra1 42. Rd6 Rxa2 43. Rxa2 e2 44. Rxe2 Rxe2+ 45. Kh3 Re3 46. Rxh6 Rxf3 47. Rxc6 Rxb3 48. Rg6+ Kh7 49. Rxg5 Kh6 50. Ra5 1-0

[Event "Turkey Cup 2020"]
[Site "Antalya-Belek"]
[Date "2020.02.01"]
[Round "10.48"]
[White "Gonullu, Muhammed Sinan"]
[Black "Seyhanoglu, Deniz"]
[Result "0-1"]
[WhiteElo "1787"]
[BlackElo "2087"]
[Annotator "NA"]
[PlyCount "102"]
[EventDate "2020.01.26"]
[EventType "swiss"]
[EventCountry "TUR"]
[SourceTitle "playchess.com"]
[Source "ChessBase"]
[SourceQuality "1"]

1. d4 d5 2. Nf3 Nf6 3. Bg5 Ne4 4. Bf4 c5 5. c3 Nc6 6. e3 Qb6 7. Qb3 c4 8. Qc2 Bf5 9. Qc1 h6 10. h3 e6 11. Nbd2 Be7 12. Nxe4 Bxe4 13. Nd2 Bh7 14. Be2 O-O 15. O-O Qd8 16. b3 b5 17. a4 a6 18. e4 dxe4 19. axb5 axb5 20. Rxa8 Qxa8 21. bxc4 b4 22. d5 bxc3 23. dxc6 cxd2 24. Qxd2 Qxc6 25. Rd1 Rc8 26. Be3 Bc5 27. Bxc5 Qxc5 28. Qd7 Bg6 29. Kf1 Rb8 30. Qd4 Qxd4 31. Rxd4 Kf8 32. Ke1 Ke7 33. Kd2 e5 34. Rd5 Rb2+ 35. Ke1 Rb1+ 36. Kd2 Rb2+ 37. Ke1 f6 38. Ra5 Rb7 39. Kd2 Be8 40. Ke3 Bc6 41. Ra3 f5 42. f4 exf3 43. Bxf3 Bxf3 44. gxf3 Rc7 45. Kd3 Kf6 46. h4 Rc6 47. Ra7 g5 48. hxg5+ Kxg5 49. Ra4 Kf4 50. Ke2 Rc5 51. Kf2 h5 0-1

[Event "Turkey Cup 2020"]
[Site "Antalya-Belek"]
[Date "2020.02.01"]
[Round "10.49"]
[White "Benk, Tolga Tugay"]
[Black "Usun, Tolga"]
[Result "1/2-1/2"]
[WhiteElo "1821"]
[BlackElo "2021"]
[Annotator "NA"]
[PlyCount "89"]
[EventDate "2020.01.26"]
[EventType "swiss"]
[EventCountry "TUR"]
[SourceTitle "playchess.com"]
[Source "ChessBase"]
[SourceQuality "1"]

1. d4 Nf6 2. Bg5 Ne4 3. Bf4 d6 4. Nd2 Bf5 5. f3 Nxd2 6. Qxd2 d5 7. e3 e6 8. g4 Bg6 9. h4 h5 10. g5 c5 11. Bd3 Bxd3 12. Qxd3 Qa5+ 13. c3 Nc6 14. Ne2 O-O-O 15. dxc5 Qxc5 16. Nd4 g6 17. Nxc6 Qxc6 18. Be5 Rg8 19. O-O-O Bc5 20. Kb1 Rd7 21. Rd2 Rgd8 22. Rhd1 Qa4 23. f4 Be7 24. Rc1 Qc4 25. Qxc4+ dxc4 26. Rxd7 Rxd7 27. Bd4 b6 28. Kc2 Bd6 29. Rd1 Bc7 30. Rd2 Kd8 31. Kd1 e5 32. Bxe5 Bxe5 33. fxe5 Rxd2+ 34. Kxd2 Kd7 35. e4 Ke6 36. Ke2 Kxe5 37. Kf3 b5 38. Ke3 a6 39. a3 Ke6 40. Kf3 a5 41. Ke3 Ke5 42. Kf3 Kd6 43. Kf4 Ke6 44. Kf3 Kd6 45. Kf4 1/2-1/2

[Event "Turkey Cup 2020"]
[Site "Antalya-Belek"]
[Date "2020.02.01"]
[Round "10.50"]
[White "Okus, Melih"]
[Black "Demir, Zeki"]
[Result "1-0"]
[WhiteElo "1933"]
[BlackElo "1703"]
[Annotator "NA"]
[PlyCount "59"]
[EventDate "2020.01.26"]
[EventType "swiss"]
[EventCountry "TUR"]
[SourceTitle "playchess.com"]
[Source "ChessBase"]
[SourceQuality "1"]

1. d4 d5 2. Nf3 Nf6 3. Bf4 e6 4. e3 Bd6 5. Bg3 O-O 6. Bd3 c5 7. c3 b6 8. Ne5 Bb7 9. Nd2 Nc6 10. f4 Ne7 11. Qc2 g6 12. O-O-O c4 13. Be2 b5 14. h4 Ne4 15. Nxe4 dxe4 16. h5 f6 17. hxg6 hxg6 18. Bg4 Bd5 19. Rh6 Bxe5 20. fxe5 f5 21. Be2 a5 22. Rdh1 Kf7 23. Qd1 Ke8 24. Bh4 Qb6 25. Rh7 Ra7 26. Qe1 Ng8 27. Rxa7 Qxa7 28. Qg3 Qf7 29. b3 cxb3 30. Bxb5+ 1-0

[Event "Turkey Cup 2020"]
[Site "Antalya-Belek"]
[Date "2020.02.01"]
[Round "10.51"]
[White "Kisadere, Kutay"]
[Black "Demirbas, Emre"]
[Result "1/2-1/2"]
[WhiteElo "1831"]
[BlackElo "1944"]
[Annotator "NA"]
[PlyCount "40"]
[EventDate "2020.01.26"]
[EventType "swiss"]
[EventCountry "TUR"]
[SourceTitle "playchess.com"]
[Source "ChessBase"]
[SourceQuality "1"]

1. e4 e6 2. d4 d5 3. Nd2 c5 4. dxc5 Bxc5 5. Bd3 Nf6 6. Qe2 Nc6 7. Ngf3 O-O 8. O-O Nb4 9. e5 Nxd3 10. Qxd3 Nd7 11. c4 dxc4 12. Nxc4 b5 13. Ncd2 a6 14. Ne4 Bb7 15. Bg5 Be7 16. Rfd1 Bxe4 17. Qxe4 Bxg5 18. Nxg5 Qxg5 19. Rxd7 Rfd8 20. Rad1 Rac8 1/2-1/2

[Event "Turkey Cup 2020"]
[Site "Antalya-Belek"]
[Date "2020.02.01"]
[Round "10.52"]
[White "Demirci, Fatih"]
[Black "Hatipli, Mehmet"]
[Result "0-1"]
[WhiteElo "1749"]
[BlackElo "1873"]
[Annotator "NA"]
[PlyCount "96"]
[EventDate "2020.01.26"]
[EventType "swiss"]
[EventCountry "TUR"]
[SourceTitle "playchess.com"]
[Source "ChessBase"]
[SourceQuality "1"]

1. e4 c6 2. c4 d6 3. d4 Nf6 4. Nc3 g6 5. Bd3 Bg7 6. Nge2 e5 7. O-O O-O 8. f3 exd4 9. Nxd4 Qb6 10. Nce2 Nbd7 11. a4 a5 12. Be3 Nc5 13. Bc2 Re8 14. Nb3 Rd8 15. Nxc5 dxc5 16. Qc1 Be6 17. b3 Nh5 18. Ra2 Bd4 19. Rd1 Rd7 20. Kh1 Rad8 21. Bg5 f6 22. Bh4 g5 23. Be1 Be3 24. Qa1 Bd4 25. Bc3 Bxc3 26. Nxc3 Qb4 27. Rxd7 Rxd7 28. Qe1 Nf4 29. Ra1 Nd3 30. Qd2 Nf2+ 31. Qxf2 Qxc3 32. Rd1 Rd4 33. h3 Kg7 34. Kh2 h5 35. Kg1 Rxd1+ 36. Bxd1 Qd4 37. Be2 Kf7 38. Bf1 Ke7 39. g3 Kd6 40. Bg2 b5 41. axb5 cxb5 42. cxb5 Bxb3 43. f4 gxf4 44. gxf4 Qxf2+ 45. Kxf2 a4 46. e5+ fxe5 47. fxe5+ Kc7 48. Be4 a3 0-1

[Event "Turkey Cup 2020"]
[Site "Antalya-Belek"]
[Date "2020.02.01"]
[Round "10.53"]
[White "Caner, Resul"]
[Black "Yildirim, Ibrahim Halil"]
[Result "1-0"]
[WhiteElo "1932"]
[BlackElo "1794"]
[Annotator "NA"]
[PlyCount "102"]
[EventDate "2020.01.26"]
[EventType "swiss"]
[EventCountry "TUR"]
[SourceTitle "playchess.com"]
[Source "ChessBase"]
[SourceQuality "1"]

1. e4 c6 2. d4 d5 3. exd5 cxd5 4. c4 Nf6 5. Nc3 Nc6 6. Bg5 Be6 7. c5 h6 8. Bf4 g5 9. Be3 Bg7 10. Bd3 Ng4 11. Nge2 Nxe3 12. fxe3 Qd7 13. a3 O-O 14. h4 f6 15. Qc2 Bf7 16. hxg5 fxg5 17. Bh7+ Kh8 18. Ng3 Bg8 19. Bg6 Bf7 20. Bh7 Bg8 21. Bxg8 Kxg8 22. O-O-O Qe6 23. Kb1 Qxe3 24. Nf5 Qe6 25. g4 Rad8 26. Ne2 Qe4 27. Qxe4 dxe4 28. d5 Ne5 29. Nxh6+ Bxh6 30. Rxh6 Rf6 31. Rh5 Rg6 32. Ng3 Nxg4 33. Nxe4 Nf6 34. Nxf6+ exf6 35. d6 Kf7 36. Rf1 Rd7 37. Rh7+ Rg7 38. Rh6 Rg6 39. Rh8 Ke6 40. Rc8 g4 41. Re1+ Kd5 42. Re7 Rg7 43. Rc7 Rxc7 44. dxc7 Rxe7 45. c8=Q Re6 46. Qxb7+ Kxc5 47. Qb4+ Kc6 48. Qxg4 Rd6 49. Qb4 Rd7 50. a4 Rb7 51. Qc3+ Kd5 1-0

[Event "Turkey Cup 2020"]
[Site "Antalya-Belek"]
[Date "2020.02.01"]
[Round "10.54"]
[White "Sat, Eray"]
[Black "Celebi, Orhan"]
[Result "1-0"]
[WhiteElo "1781"]
[BlackElo "1834"]
[Annotator "NA"]
[PlyCount "97"]
[EventDate "2020.01.26"]
[EventType "swiss"]
[EventCountry "TUR"]
[SourceTitle "playchess.com"]
[Source "ChessBase"]
[SourceQuality "1"]

1. e4 e5 2. Nf3 Nc6 3. Bb5 Nf6 4. O-O Nxe4 5. d4 Nd6 6. Bxc6 dxc6 7. dxe5 Nf5 8. Qxd8+ Kxd8 9. Nc3 Be6 10. Rd1+ Ke8 11. h3 h6 12. b3 Rd8 13. Rxd8+ Kxd8 14. Bb2 Kc8 15. Rd1 Be7 16. Ne2 Rd8 17. Rxd8+ Kxd8 18. Nf4 Bc8 19. g4 Nh4 20. Nxh4 Bxh4 21. Kg2 g6 22. Kf3 c5 23. Ng2 Be7 24. Kg3 b5 25. Ne3 a5 26. f4 Bb7 27. h4 Be4 28. f5 Kd7 29. Kf4 Bh1 30. f6 Bf8 31. c4 c6 32. Nf1 Ke6 33. Nd2 Bg2 34. Kg3 Bh1 35. Kh2 Bd5 36. a4 bxa4 37. bxa4 Kd7 38. cxd5 cxd5 39. Kg3 Ke6 40. Kf4 c4 41. Bd4 Bb4 42. Nf3 c3 43. Ne1 Kd7 44. Ke3 Ke6 45. Kd3 h5 46. gxh5 gxh5 47. Nf3 Kf5 48. Bxc3 Bc5 49. Bxa5 1-0

[Event "Turkey Cup 2020"]
[Site "Antalya-Belek"]
[Date "2020.02.01"]
[Round "10.55"]
[White "Var, Sefa"]
[Black "Aysoy, Veysi"]
[Result "0-1"]
[WhiteElo "1739"]
[BlackElo "1869"]
[Annotator "NA"]
[PlyCount "62"]
[EventDate "2020.01.26"]
[EventType "swiss"]
[EventCountry "TUR"]
[SourceTitle "playchess.com"]
[Source "ChessBase"]
[SourceQuality "1"]

1. Nf3 f5 2. g3 Nf6 3. Bg2 g6 4. c4 Bg7 5. Nc3 d6 6. d4 O-O 7. O-O Nc6 8. d5 Ne5 9. Nxe5 dxe5 10. e4 e6 11. Qb3 exd5 12. cxd5 Kh8 13. Bg5 h6 14. Bxf6 Rxf6 15. Rac1 Bd7 16. Rfd1 f4 17. d6 Rxd6 18. Rxd6 cxd6 19. Qxb7 fxg3 20. hxg3 Rb8 21. Qxa7 Rxb2 22. a4 h5 23. Nd5 h4 24. Rc7 hxg3 25. Rxd7 gxf2+ 26. Kf1 Rb1+ 27. Ke2 Qh4 28. Ne3 f1=Q+ 29. Bxf1 Qxe4 30. Rxg7 Rb2+ 31. Ke1 Qb4+ 0-1